书目信息 |
| 题名: |
Java程序设计基础教程
|
|
| 作者: | 董勇 , 傅雷扬 主编 | |
| 分册: | ||
| 出版信息: | 北京 人民邮电出版社 2025.03 |
|
| 页数: | 286页 | |
| 开本: | 26cm | |
| 丛书名: | 工信精品软件技术系列教材 | |
| 单 册: | ||
| 中图分类: | TP312.8JA | |
| 科图分类: | ||
| 主题词: | JAVA语言--JAVA yu yan--程序设计--教材 | |
| 电子资源: | ||
| ISBN: | 978-7-115-66384-9 | |
| 000 | 01210nam 2200313 450 | |
| 001 | 97788 | |
| 005 | 20250920080832.41 | |
| 010 | @a978-7-115-66384-9@dCNY69.80 | |
| 100 | @a20250604d2025 em y0chiy50 ea | |
| 101 | 0 | @achi |
| 102 | @aCN@b110000 | |
| 105 | @aa z 000yy | |
| 106 | @ar | |
| 106 | @ar | |
| 200 | 1 | @aJava程序设计基础教程@AJava cheng xu she ji ji chu jiao cheng@d= Fundamentals of Java programming@e慕课版@f董勇, 傅雷扬主编@zeng |
| 205 | @a第2版 | |
| 210 | @a北京@c人民邮电出版社@d2025.03 | |
| 215 | @a286页@c图@d26cm | |
| 225 | 2 | @a工信精品软件技术系列教材@Agong xin jing pin ruan jian ji shu xi lie jiao cai |
| 300 | @a人邮教育 | |
| 330 | @a本书共12个单元, 内容包括Java基础知识, 基本数据类型及运算符, 控制执行流程, 字符串, 面向对象, 集合和数组, 文件及流, 日期和时间, 反射、异常及枚举, 并发编程, 网络编程及综合实训 —— 简易网上银行系统。 | |
| 410 | 0 | @12001 @a工信精品软件技术系列教材 |
| 510 | 1 | @aFundamentals of Java programming@zeng |
| 606 | 0 | @aJAVA语言@AJAVA yu yan@x程序设计@j教材 |
| 690 | @aTP312.8JA@v5 | |
| 701 | 0 | @a董勇@Adong yong@4主编 |
| 701 | 0 | @a傅雷扬@Afu lei yang@4主编 |
| 801 | 0 | @aCN@c20250909 |
| 905 | @a河南城建学院图书馆@dTP312.8JA@eD751=2@f1 | |
| Java程序设计基础教程= Fundamentals of Java programming:慕课版/董勇, 傅雷扬主编.-第2版.-北京:人民邮电出版社,2025.03 |
| 286页:图;26cm.-(工信精品软件技术系列教材) |
| 人邮教育 |
| ISBN 978-7-115-66384-9:CNY69.80 |
| 本书共12个单元, 内容包括Java基础知识, 基本数据类型及运算符, 控制执行流程, 字符串, 面向对象, 集合和数组, 文件及流, 日期和时间, 反射、异常及枚举, 并发编程, 网络编程及综合实训 —— 简易网上银行系统。 |
| ● |
| 相关链接 |
|
|
|
正题名:Java程序设计基础教程
索取号:TP312.8JA/D751=2
 
预约/预借
| 序号 | 登录号 | 条形码 | 馆藏地/架位号 | 状态 | 备注 |
| 1 | 1638834 | 216388344 | 自科库301/301自科库 56排7列4层/ [索取号:TP312.8JA/D751=2] | 在馆 |